Operating System Concepts (Record no. 153)

MARC details
000 -LEADER
fixed length control field 00600nam a22002057a 4500
003 - CONTROL NUMBER IDENTIFIER
control field OSt
005 - DATE AND TIME OF LATEST TRANSACTION
control field 20191002115359.0
008 - FIXED-LENGTH DATA ELEMENTS--GENERAL INFORMATION
fixed length control field 140709b xxu||||| |||| 00| 0 eng d
020 ## - INTERNATIONAL STANDARD BOOK NUMBER
International Standard Book Number 9780470233993
040 ## - CATALOGING SOURCE
Transcribing agency 040a
082 ## - DEWEY DECIMAL CLASSIFICATION NUMBER
Edition number 22
Classification number 005.43
Item number SIL 2010
100 ## - MAIN ENTRY--PERSONAL NAME
Personal name Silberschatz, Abraham; Galvin, Peter B.; Gagne, Greg.
9 (RLIN) 413
245 ## - TITLE STATEMENT
Title Operating System Concepts
250 ## - EDITION STATEMENT
Edition statement 8th.ed.
260 ## - PUBLICATION, DISTRIBUTION, ETC. (IMPRINT)
Place of publication, distribution, etc. New York;
Name of publisher, distributor, etc. John Wiley and sons,
Date of publication, distribution, etc. 2010
300 ## - PHYSICAL DESCRIPTION
Extent xx, 972p .
Other physical details ill.
Dimensions 26cm .
504 ## - BIBLIOGRAPHY, ETC. NOTE
Bibliography, etc includes bibliographical references and index
650 ## - SUBJECT ADDED ENTRY--TOPICAL TERM
Topical term or geographic name as entry element operating systems
9 (RLIN) 27
942 ## - ADDED ENTRY ELEMENTS (KOHA)
Source of classification or shelving scheme Other/Generic Classification Scheme
Koha item type Book Bank
Holdings
Withdrawn status Lost status Source of classification or shelving scheme Damaged status Not for loan Home library Current library Date acquired Source of acquisition Inventory number Total Checkouts Full call number Barcode Date last seen Koha item type Total Renewals Date last checked out
    Dewey Decimal Classification     MUST Main Library MUST Main Library 09/07/2014 Purchased 12/35945 1 005.43 SIL 2010 2014-0419 18/10/2022 Open Shelf 1 23/09/2022
    Dewey Decimal Classification     MUST Main Library MUST Main Library 09/07/2014 Purchase 12/35948   005.43 SIL 2010 2014-0420 09/07/2014 Open Shelf    
    Dewey Decimal Classification     Main Kihumuro Campus Main Kihumuro Campus 09/07/2014 Purchased 12/35947   005.43 SIL 2010 2014-0416 09/07/2014 Book Bank    
    Dewey Decimal Classification     Main Kihumuro Campus Main Kihumuro Campus 09/07/2014 Purchased 12/35944   005.43 SIL 2010 2014-0417 09/07/2014 Book Bank    
    Dewey Decimal Classification     Main Kihumuro Campus Main Kihumuro Campus 09/07/2014 Purchased 12/35946   005.43 SIL 2010 2014-0418 09/07/2014 Book Bank